06675nam a2200865Ia 4500008004100000020001800041082001300059100001500072245003900087250000600126260003300132300001700165500002500182650001000207700001500217942000700232952009300239952009300332952009300425952010500518952010500623952009300728952009300821952010500914952009301019952009301112952009301205952009301298952010501391952009301496952010501589952010501694952010501799952009301904952011701997952009302114952009302207952009302300952009302393952009302486952009302579952009302672952009302765952009302858952009302951952010503044952009303149952010503242952010503347952009303452952009303545952009303638952009303731952010503824952010503929952009304034952011704127952009304244952009304337952009304430952009304523952009304616952009304709952010504802952009304907952009305000952011705093952009305210952010505303952009305408952009305501952010505594952009305699999001705792230524s9999    xx            000 0 und d  a9788189928834  a625bSAX  aS.C.Saxena 2aA Text Book of Railway Engineering  a7  aNew DelhibDhanpat raic2015  a"xii,34.7p;"  aQuantity Number:  57  aCivil  aS.P. Arora  cBK  00104070aTATCLbTATCLcGENd2023-05-24l0o625 SAXp52935r2023-05-24w2023-05-24yBK  00104070aTATCLbTATCLcGENd2023-05-24l0o625 SAXp52936r2023-05-24w2023-05-24yBK  00104070aTATCLbTATCLcGENd2023-05-24l0o625 SAXp53192r2023-05-24w2023-05-24yBK  00104070aTATCLbTATCLcGENd2023-05-24l1o625 SAXp53193r2024-02-09s2024-01-31w2023-05-24yBK  00104070aTATCLbTATCLcGENd2023-05-24l1o625 SAXp53194r2024-02-06s2024-01-31w2023-05-24yBK  00104070aTATCLbTATCLcGENd2023-05-24l0o625 SAXp53195r2023-05-24w2023-05-24yBK  00104070aTATCLbTATCLcGENd2023-05-24l0o625 SAXp53196r2023-05-24w2023-05-24yBK  00104070aTATCLbTATCLcGENd2023-05-24l1o625 SAXp53197r2024-02-06s2024-01-31w2023-05-24yBK  00104070aTATCLbTATCLcGENd2023-05-24l0o625 SAXp53198r2023-05-24w2023-05-24yBK  00104070aTATCLbTATCLcGENd2023-05-24l0o625 SAXp53199r2023-05-24w2023-05-24yBK  00104070aTATCLbTATCLcGENd2023-05-24l0o625 SAXp53200r2023-05-24w2023-05-24yBK  00104070aTATCLbTATCLcGENd2023-05-24l0o625 SAXp53201r2023-05-24w2023-05-24yBK  00104070aTATCLbTATCLcGENd2023-05-24l2o625 SAXp53323r2025-03-06s2024-11-12w2023-05-24yBK  00104070aTATCLbTATCLcGENd2023-05-24l0o625 SAXp53324r2023-05-24w2023-05-24yBK  00104070aTATCLbTATCLcGENd2023-05-24l1o625 SAXp53325r2024-03-11s2024-01-31w2023-05-24yBK  00104070aTATCLbTATCLcGENd2023-05-24l1o625 SAXp53326r2024-02-05s2024-01-31w2023-05-24yBK  00104070aTATCLbTATCLcGENd2023-05-24l1o625 SAXp53327r2024-12-11s2024-11-08w2023-05-24yBK  00104070aTATCLbTATCLcGENd2023-05-24l0o625 SAXp53328r2023-05-24w2023-05-24yBK  00104070aTATCLbTATCLcGENd2023-05-24l1o625 SAXp53329q2017-05-30r2024-02-02s2024-02-02w2023-05-24yBK  00104070aTATCLbTATCLcGENd2023-05-24l0o625 SAXp53330r2023-05-24w2023-05-24yBK  00104070aTATCLbTATCLcGENd2023-05-24l0o625 SAXp53331r2023-05-24w2023-05-24yBK  00104070aTATCLbTATCLcGENd2023-05-24l0o625 SAXp53332r2023-05-24w2023-05-24yBK  00104070aTATCLbTATCLcGENd2023-05-24l0o625 SAXp53333r2023-05-24w2023-05-24yBK  00104070aTATCLbTATCLcGENd2023-05-24l0o625 SAXp53334r2023-05-24w2023-05-24yBK  00104070aTATCLbTATCLcGENd2023-05-24l0o625 SAXp53335r2023-05-24w2023-05-24yBK  00104070aTATCLbTATCLcGENd2023-05-24l0o625 SAXp53336r2023-05-24w2023-05-24yBK  00104070aTATCLbTATCLcGENd2023-05-24l0o625 SAXp53337r2023-05-24w2023-05-24yBK  00104070aTATCLbTATCLcGENd2023-05-24l0o625 SAXp53338r2023-05-24w2023-05-24yBK  00104070aTATCLbTATCLcGENd2023-05-24l0o625 SAXp53339r2023-05-24w2023-05-24yBK  00104070aTATCLbTATCLcGENd2023-05-24l1o625 SAXp53340r2024-02-06s2024-01-31w2023-05-24yBK  00104070aTATCLbTATCLcGENd2023-05-24l0o625 SAXp53341r2023-05-24w2023-05-24yBK  00104070aTATCLbTATCLcGENd2023-05-24l1o625 SAXp53342r2024-02-07s2024-01-31w2023-05-24yBK  00104070aTATCLbTATCLcGENd2023-05-24l1o625 SAXp55952r2026-01-30s2024-08-16w2023-05-24yBK  00104070aTATCLbTATCLcGENd2023-05-24l0o625 SAXp55953r2023-05-24w2023-05-24yBK  00104070aTATCLbTATCLcGENd2023-05-24l0o625 SAXp55954r2023-05-24w2023-05-24yBK  00104070aTATCLbTATCLcGENd2023-05-24l0o625 SAXp55955r2023-05-24w2023-05-24yBK  00104070aTATCLbTATCLcGENd2023-05-24l0o625 SAXp55956r2023-05-24w2023-05-24yBK  00104070aTATCLbTATCLcGENd2023-05-24l1o625 SAXp57341r2024-03-01s2024-01-31w2023-05-24yBK  00104070aTATCLbTATCLcGENd2023-05-24l1o625 SAXp57342r2024-03-23s2024-01-31w2023-05-24yBK  00104070aTATCLbTATCLcGENd2023-05-24l0o625 SAXp57343r2023-05-24w2023-05-24yBK  00104070aTATCLbTATCLcGENd2023-05-24l1o625 SAXp57344q2024-02-01r2024-01-31s2024-01-31w2023-05-24yBK  00104070aTATCLbTATCLcGENd2023-05-24l0o625 SAXp57345r2023-05-24w2023-05-24yBK  00104070aTATCLbTATCLcGENd2023-05-24l0o625 SAXp57346r2023-05-24w2023-05-24yBK  00104070aTATCLbTATCLcGENd2023-05-24l0o625 SAXp57347r2023-05-24w2023-05-24yBK  00104070aTATCLbTATCLcGENd2023-05-24l0o625 SAXp57348r2023-05-24w2023-05-24yBK  00104070aTATCLbTATCLcGENd2023-05-24l0o625 SAXp57349r2023-05-24w2023-05-24yBK  00104070aTATCLbTATCLcGENd2023-05-24l0o625 SAXp57350r2023-05-24w2023-05-24yBK  00104070aTATCLbTATCLcGENd2023-05-24l1o625 SAXp57351r2024-03-18s2024-01-31w2023-05-24yBK  00104070aTATCLbTATCLcGENd2023-05-24l0o625 SAXp57352r2023-05-24w2023-05-24yBK  00104070aTATCLbTATCLcGENd2023-05-24l0o625 SAXp57353r2023-05-24w2023-05-24yBK  00104070aTATCLbTATCLcGENd2023-05-24l1o625 SAXp57354q2019-10-03r2024-01-31s2024-01-31w2023-05-24yBK  00104070aTATCLbTATCLcGENd2023-05-24l0o625 SAXp57355r2023-05-24w2023-05-24yBK  00104070aTATCLbTATCLcGENd2023-05-24l1o625 SAXp57356r2024-02-05s2024-01-31w2023-05-24yBK  00104070aTATCLbTATCLcGENd2023-05-24l0o625 SAXp57357r2023-05-24w2023-05-24yBK  00104070aTATCLbTATCLcGENd2023-05-24l0o625 SAXp57358r2023-05-24w2023-05-24yBK  00104070aTATCLbTATCLcGENd2023-05-24l2o625 SAXp57359r2025-03-06s2025-03-04w2023-05-24yBK  00104070aTATCLbTATCLcGENd2023-05-24l0o625 SAXp57360r2023-05-24w2023-05-24yBK  c55419d55419